000 00409nam a22001697a 4500
005 20180808121206.0
008 160623b xxu||||| |||| 00| 0 eng d
020 _a978-81-203-2711-5
041 _aeng
082 _b9346
_a658.3
100 _aPatlanayak, Biswajeet
_92575
245 _aHuman Resource Management
260 _bPHI
_c2009
_adelhi
300 _a460p,
650 _aManagement
_9241
942 _cBK
999 _c3674
_d3673